000 00468nam a2200181Ia 4500
003 GCL
008 140319s9999 xx 000 0 eng d
040 _aGCL /
_cGCL
082 0 4 _a843
_bM N
100 1 _aMAURIAC, FRANCOIS
245 1 0 _aNOUVEAUX MEMOIRES INTERIEURS /
_cMAURIAC, FRANCOIS
260 _a[S.N] :
_bFLAMMARION ،
_c1965
300 _a375 P
490 _aCOLLECTION FOLIO
_v0
650 0 4 _aLITERATURE
650 0 4 _aFRENCH LITERATURE
942 _2ddc
_cBK
999 _c23368
_d23368